000
00205 a2200097 4500
020
_a
9788490321980
041
_a
spa
100
_a
Verne,Jules
245
_a
Veinte mil leguas de viaje submarino
942
_c
BK
999
_c
13730
_d
13730